Statistics for UK City by Cathedral

Click here to take the quiz!

General Stats

  • This quiz has been taken 62 times
  • The average score is 9 of 16

Answer Stats

Answer% Correct
London
88%
York
88%
Canterbury
79%
Liverpool
74%
Salisbury
74%
Exeter
66%
Birmingham
62%
Manchester
62%
Winchester
62%
Glasgow
53%
Truro
53%
Belfast
41%
Swansea
28%
Londonderry
19%
Newport
17%
Inverness
16%

Score Distribution

Percentile by Number Answered

Percent of People with Each Score

Your Score History

You have not taken this quiz